Noms de pays - locaux vs français - Statistiques

Statistiques générales
  • Ce quiz a été pris 60 fois
  • Le résultat moyen est 7 sur 17
Statistiques - réponses
Locaux Français % Correct
Deutschland Allemagne
96%
Nihon/Nippon Japon
91%
al-Maghrib Maroc
70%
Hellas Grèce
66%
Magyarország Hongrie
58%
Suomi Finlande
55%
Hrvatska Croatie
53%
Zhōngguó Chine | Taïwan
47%
Hanguk Corée du Sud
30%
Shqipëria Albanie
28%
Bharat Inde
25%
Hayastan Arménie
17%
Chōson Corée du Nord
17%
Crna Gora Monténégro
17%
Druk yul Bhoutan
13%
Sakartvelo Géorgie
13%
Misr Égypte
11%
Aucun quiz correspondant
Distribution des résultats
% des personnes avec chaque résultat
Percentile par nombre de réponses
Votre historique - résultats
Vous n’avez pas pris ce quiz